Fr. Conceicao Rodrigues College of Engineering

Make:DIY comms and control for Amateur space:Talking and listening to your satellite (Record no. 32318)

MARC details
000 -LEADER
fixed length control field 00351nam a2200145Ia 4500
082 ## - DEWEY DECIMAL CLASSIFICATION NUMBER
Item number ANT
100 ## - MAIN ENTRY--PERSONAL NAME
Personal name Antunes/Sandy
245 ## - TITLE STATEMENT
Title Make:DIY comms and control for Amateur space:Talking and listening to your satellite
260 ## - PUBLICATION, DISTRIBUTION, ETC.
Name of publisher, distributor, etc. SPD
Date of publication, distribution, etc. 2015
366 ## - TRADE AVAILABILITY INFORMATION
Publishers's discount category 25
300 ## - PHYSICAL DESCRIPTION
Extent 144
546 ## - LANGUAGE NOTE
Language note ENGLISH
-- PAMPHALETS
654 ## - SUBJECT ADDED ENTRY--FACETED TOPICAL TERMS
Focus term amateur
942 ## - ADDED ENTRY ELEMENTS (KOHA)
Koha item type BOOK
Holdings
Withdrawn status Lost status Damaged status Not for loan Collection Home library Current library Date acquired Source of acquisition Cost, normal purchase price Inventory number Total Checkouts Full call number Barcode Date last seen Cost, replacement price Price effective from Koha item type
        CRC Fr. Agnel's C.Rodrigues College of Engineering Fr. Agnel's C.Rodrigues College of Engineering 17/03/2023 Allied Publisher 225.00 1229 dt 22.12.2015   ANT 23997 17/03/2023 300.00   BOOK